000 00593nam a2200181Ia 4500
005 20250508152843.0
008 008 250505s9999 xx 000 0 eng d
037 _aDissertations
040 _aFEDL
_beng
_cFEDL
041 _aeng
_2eng
084 _a370.954 52, HAN/DI
_qFEDL
100 _aHanda Raj Kumari
_9762576
245 0 _aChoice of courses and subsequent progress of students in multi-purpose schools of Himachal Pradesh
260 _c1962
546 _aM.Ed. Dissertation (Delhi Universtiy)
942 _cDIS
_h370.954 52, HAN/DI
999 _c1339206
_d1339206